000 00335nam a2200133 i 4500
001 bg
100 1 _aSWORAKOWSKI, Juliusz
245 0 _aLocal ionized levels in molecular crystals /
_cJuliusz Sworakowski.
260 _aWrocław,
_c1974.
040 _cBPK
041 _apol
942 _cKS
008 s pl f |000 0 pol
999 _c26190
_d26190
856 _uhttp://koha.tu.koszalin.pl/cgi-bin/koha/opac-detail.pl?biblionumber=26190
_yKatalog online BPK